Proceedings of IRRDB conference 2004, Kunming, China (Record no. 44268)

MARC details
000 -LEADER
fixed length control field 00294nam a2200109Ia 4500
082 ## - DEWEY DECIMAL CLASSIFICATION NUMBER
Classification number NR:063IR 2004
Item number IRR
100 ## - MAIN ENTRY--AUTHOR NAME
Personal name Qiubo, Chen
245 #0 - TITLE STATEMENT
Title Proceedings of IRRDB conference 2004, Kunming, China
260 ## - PUBLICATION, DISTRIBUTION, ETC. (IMPRINT)
Place of publication China
Name of publisher IRRDB
Year of publication 2004
942 ## - ADDED ENTRY ELEMENTS (KOHA)
Koha item type Books
Holdings
Withdrawn status Lost status Damaged status Not for loan Home library Current library Date acquired Source of acquisition Full call number Accession Number Koha item type
        RRII Library RRII Library 16/12/2021 Gift NR:063IR 2004 IRR G01015 Books